[Event "Ceske Budejovice Open"]
[Site "Ceske Budejovice CZE"]
[Date "2021.07.01"]
[Round "1.4"]
[White "Neuman, P."]
[Black "Hruby, M."]
[Result "1-0"]
[WhiteElo "2397"]
[BlackElo "2000"]
[PlyCount "63"]
[EventDate "2021.07.01"]
[SourceTitle "The Week in Chess 1391"]
[Source "Mark Crowther"]
[SourceDate "2021.07.05"]
[SourceVersion "3"]
[SourceVersionDate "2021.07.08"]
[SourceQuality "2"]

1. e4 e5 2. Nf3 Nc6 3. c3 Nf6 4. d3 Bc5 5. b4 Bb6 6. b5 Ne7 7. Nxe5 d5 8. exd5
Qxd5 9. d4 c5 10. bxc6 bxc6 11. Be3 O-O 12. Nd2 c5 13. Ndc4 Nf5 14. Be2 Nh4 15.
Bf3 Nxg2+ 16. Ke2 Bg4 17. Nxg4 Qxc4+ 18. Qd3 Qxd3+ 19. Kxd3 Nxg4 20. Bxg4 cxd4
21. Bxd4 Nf4+ 22. Kc4 Ne6 23. Bxb6 axb6 24. a4 Ra5 25. Kb4 Rc8 26. Rhe1 Rc6 27.
Rad1 Kf8 28. Be2 Rac5 29. Bb5 Rc7 30. c4 g6 31. Rd6 Nf4 32. Re4 1-0

[Event "Rated Blitz game"]
[Site "?"]
[Date "2021.06.30"]
[Round "?"]
[White "Waderpl"]
[Black "gytisv1995"]
[Result "1-0"]
[WhiteElo "2463"]
[BlackElo "2488"]
[PlyCount "83"]
[EventDate "2021.??.??"]
[EventType "blitz"]

1. e4 e5 2. Nf3 Nc6 3. c3 Nf6 4. d4 Nxe4 5. d5 Ne7 6. Nxe5 d6 7. Qa4+ c6 8.
dxc6 dxe5 9. cxb7+ Bd7 10. bxa8=Q Bxa4 11. Qxd8+ Kxd8 12. Nd2 Nd6 13. Nc4 Ng6
14. Be3 Bc6 15. O-O-O Kc7 16. Bxa7 Nxc4 17. Bxc4 Bxg2 18. Rhe1 f6 19. Be6 Bd6
20. Bb6+ Kc6 21. Be3 Ne7 22. c4 Ra8 23. a3 f5 24. b4 Rxa3 25. c5 Bc7 26. Kb2
Ra8 27. Rd7 Nd5 28. b5+ Kxb5 29. Bxd5 Bxd5 30. Rxd5 Kc4 31. Rd7 Rb8+ 32. Kc2
Ba5 33. Rb1 Re8 34. Rxg7 f4 35. Bd2 Bxd2 36. Kxd2 e4 37. Rxh7 Rd8+ 38. Ke2 Rd3
39. Rc1+ Kd4 40. Rd7+ Ke5 41. Rxd3 f3+ 42. Rxf3 {Time forfeit} 1-0

[Event "Rated Blitz game"]
[Site "?"]
[Date "2021.06.30"]
[Round "?"]
[White "Mountain_Hiker"]
[Black "mesterseen"]
[Result "1-0"]
[WhiteElo "2427"]
[BlackElo "2424"]
[PlyCount "59"]
[EventDate "2021.??.??"]
[EventType "blitz"]

1. e4 e5 2. Nf3 Nc6 3. c3 Nf6 4. d4 exd4 5. e5 Ne4 6. Qe2 d5 7. exd6 f5 8. Nxd4
Nxd4 9. cxd4 Bxd6 10. f3 Bb4+ 11. Bd2 Qxd4 12. Bxb4 Qxb4+ 13. Nc3 O-O 14. fxe4
fxe4 15. Qc4+ Qxc4 16. Bxc4+ Kh8 17. O-O-O c6 18. Nxe4 Bf5 19. Nd6 Bg6 20. Rhf1
b5 21. Bb3 Rad8 22. Nf7+ Bxf7 23. Rxf7 Rxd1+ 24. Kxd1 Rxf7 25. Bxf7 c5 26. Be8
b4 27. Kd2 g5 28. Kd3 Kg7 29. Kc4 Kf6 30. Kxc5 {Normal} 1-0

[Event "Rated Blitz game"]
[Site "?"]
[Date "2021.06.30"]
[Round "?"]
[White "Mountain_Hiker"]
[Black "CapeDuke"]
[Result "1-0"]
[WhiteElo "2418"]
[BlackElo "2443"]
[PlyCount "131"]
[EventDate "2021.??.??"]
[EventType "blitz"]

1. e4 e5 2. Nf3 Nc6 3. c3 g6 4. d4 Bg7 5. Bb5 Nge7 6. O-O O-O 7. dxe5 Nxe5 8.
Nxe5 Bxe5 9. Bh6 Re8 10. f4 Bh8 11. Nd2 c6 12. Bc4 d5 13. exd5 cxd5 14. Bb5 Bd7
15. Bxd7 Qxd7 16. Nf3 Nf5 17. Bg5 Ne3 18. Qd3 Nxf1 19. Rxf1 f6 20. Bh4 Rad8 21.
Nd4 Re4 22. Qg3 Rde8 23. h3 f5 24. Nf3 d4 25. cxd4 Bxd4+ 26. Nxd4 Qxd4+ 27. Kh1
Qxb2 28. Qd3 Qxa2 29. Bf6 Re1 30. Rxe1 Rxe1+ 31. Kh2 Qe6 32. Bc3 Re4 33. Qd8+
Qe8 34. Qf6 Re7 35. Qh8+ Kf7 36. Qxh7+ Ke6 37. Qh4 Kd7 38. Qf2 b6 39. Bf6 Re4
40. Qa2 a5 41. Qd5+ Kc8 42. Qa8+ Kc7 43. Qa7+ Kc6 44. Qa6 Rxf4 45. Qd3 Re4 46.
Qc3+ Kb7 47. h4 Qc6 48. Qb2 Rg4 49. Bg5 a4 50. Qg7+ Ka6 51. Qb2 b5 52. Kh3 b4
53. Qe2+ Qb5 54. Qe6+ Qb6 55. Qe2+ Ka5 56. Be3 Qb5 57. Qf3 a3 58. Qa8+ Qa6 59.
Qd8+ Ka4 60. Qd1+ b3 61. g3 Qc4 62. Qd7+ Kb4 63. Bd2+ Kc5 64. Be3+ Kb4 65. Bd2+
Kc5 66. Qc7+ {Time forfeit} 1-0

[Event "Rated Rapid game"]
[Site "?"]
[Date "2021.06.30"]
[Round "?"]
[White "nma291"]
[Black "ayuCATUR"]
[Result "0-1"]
[WhiteElo "2299"]
[BlackElo "2412"]
[PlyCount "54"]
[EventDate "2021.??.??"]
[EventType "rapid"]

1. e4 e5 2. Nf3 Nc6 3. c3 Nf6 4. d4 exd4 5. e5 Ne4 6. Bd3 d5 7. exd6 Nxd6 8.
cxd4 Be7 9. O-O O-O 10. Nc3 Bg4 11. Be2 Nf5 12. Bf4 Bxf3 13. Bxf3 Nfxd4 14.
Bxc6 bxc6 15. Qg4 f5 16. Qg3 Bh4 17. Qe3 Re8 18. Qd2 Bf6 19. Rad1 Rb8 20. Be3
c5 21. Ne2 Rb6 22. Nxd4 Bxd4 23. Bxd4 Rd6 24. Qc2 cxd4 25. Qxf5 d3 26. Rd2 Re2
27. Qf4 Rd4 {Normal} 0-1

[Event "Rated Blitz tournament YqNVlKWX"]
[Site "?"]
[Date "2021.06.30"]
[Round "?"]
[White "borets"]
[Black "Chessmaste"]
[Result "1/2-1/2"]
[WhiteElo "2306"]
[BlackElo "2431"]
[PlyCount "139"]
[EventDate "2021.??.??"]
[EventType "blitz"]

1. e4 e5 2. Nf3 Nc6 3. c3 Nf6 4. d3 d5 5. Nbd2 a5 6. Be2 Bc5 7. O-O O-O 8. Qc2
Re8 9. a4 Bg4 10. Rd1 Bh5 11. Nf1 Ng4 12. d4 Bb6 13. exd5 Qxd5 14. Ne3 Nxe3 15.
Bxe3 Bg6 16. Qd2 exd4 17. cxd4 Rad8 18. Rac1 Be4 19. Bc4 Qh5 20. Ng5 Bd5 21.
Bxd5 Rxd5 22. Nf3 Re4 23. h3 Ne7 24. Qc2 Re6 25. Qb3 Rg6 26. Ne5 Re6 27. Qc4 h6
28. Nf3 Rg6 29. Ne5 Rxe5 30. dxe5 Qxh3 31. Rd8+ Kh7 32. Qe4 Bxe3 33. Qxg6+ Nxg6
34. gxh3 Bxc1 35. Rd7 Bxb2 36. Rxc7 Nxe5 37. Rxb7 Bc3 38. Kg2 Bb4 39. f4 Nd3
40. Rxf7 Nc5 41. f5 Kg8 42. Ra7 Nxa4 43. Kf3 Nc3 44. Kg4 a4 45. Kh5 a3 46. Kg6
Bf8 47. f6 gxf6 48. Kxf6 Nd5+ 49. Kg6 Nf4+ 50. Kf6 Nxh3 51. Kg6 Ng5 52. Rxa3
Bxa3 53. Kxh6 Bc1 54. Kh5 Kf7 55. Kg4 Kf6 56. Kg3 Kf5 57. Kg2 Bf4 58. Kf2 Ke4
59. Ke2 Kd4 60. Kf2 Kd3 61. Kg2 Ke2 62. Kg1 Kf3 63. Kf1 Bg3 64. Kg1 Bf2+ 65.
Kf1 Bg3 66. Kg1 Ne4 67. Kf1 Bh2 68. Ke1 Ke3 69. Kd1 Nd2 70. Kc2 {Time forfeit}
1/2-1/2

[Event "Rated Blitz game"]
[Site "?"]
[Date "2021.06.30"]
[Round "?"]
[White "BaderBombs"]
[Black "scorpionking1"]
[Result "0-1"]
[WhiteElo "2303"]
[BlackElo "2407"]
[PlyCount "42"]
[EventDate "2021.??.??"]
[EventType "blitz"]

1. e4 e5 2. Nf3 Nc6 3. c3 Nf6 4. d4 d5 5. Bb5 Nxe4 6. Nxe5 Bd7 7. Nxd7 Qxd7 8.
O-O Be7 9. Re1 O-O 10. Bf4 Bd6 11. Qc1 Qf5 12. Be3 Rfe8 13. Bd3 Qh5 14. h3 f5
15. Na3 a6 16. Nc2 Rf8 17. c4 f4 18. Bd2 f3 19. Bxe4 dxe4 20. Rxe4 fxg2 21.
Kxg2 Qf3+ {Normal} 0-1

[Event "Rated Blitz game"]
[Site "?"]
[Date "2021.06.30"]
[Round "?"]
[White "Kirill_Maximov"]
[Black "STAYFlow"]
[Result "0-1"]
[WhiteElo "2431"]
[BlackElo "2434"]
[PlyCount "38"]
[EventDate "2021.??.??"]
[EventType "blitz"]

1. e4 e5 2. Nf3 Nc6 3. c3 Nf6 4. d4 Nxe4 5. d5 Bc5 6. dxc6 Bxf2+ 7. Ke2 Bb6 8.
Qd5 Nf2 9. cxb7 Bxb7 10. Qxb7 Nxh1 11. Be3 O-O 12. Bxb6 axb6 13. Nbd2 e4 14.
Nxe4 d5 15. Rd1 Qe7 16. Qxd5 Rad8 17. Qe5 Qxe5 18. Nxe5 Rxd1 19. Kxd1 Re8 {
Normal} 0-1

[Event "Rated Blitz tournament 5czzeMze"]
[Site "?"]
[Date "2021.06.30"]
[Round "?"]
[White "FedericoGonzalez"]
[Black "jbourne"]
[Result "1-0"]
[WhiteElo "2474"]
[BlackElo "2268"]
[PlyCount "135"]
[EventDate "2021.??.??"]
[EventType "blitz"]

1. e4 e5 2. Nf3 Nc6 3. c3 Bc5 4. b4 Bd6 5. b5 Nce7 6. d4 Ng6 7. Bd3 Nf6 8. O-O
O-O 9. a4 c6 10. Re1 Bc7 11. Nbd2 d6 12. h3 Re8 13. Nc4 exd4 14. cxd4 d5 15.
exd5 Rxe1+ 16. Qxe1 cxd5 17. Nce5 Be6 18. Ng5 Bxe5 19. dxe5 Ne4 20. Nxe4 dxe4
21. Qxe4 Bd5 22. Qe2 Qh4 23. Bd2 Re8 24. Bxg6 hxg6 25. Qe3 Qe4 26. Qxe4 Bxe4
27. Bc3 Rc8 28. Bd4 a6 29. f3 Bf5 30. bxa6 bxa6 31. Ra2 Be6 32. Rb2 Rc6 33. a5
Rc1+ 34. Kh2 Rc6 35. Rb6 Rxb6 36. axb6 Bd5 37. Kg3 Kf8 38. Kf4 Ke7 39. g4 Bb7
40. h4 Ke6 41. Ke3 Kd5 42. f4 Kc4 43. Ba1 Kc5 44. Bd4+ Kc4 45. h5 gxh5 46. gxh5
Kb5 47. f5 Kc6 48. Kf4 Bc8 49. Ba1 Kxb6 50. Kg5 Kc6 51. h6 gxh6+ 52. Kf6 h5 53.
Kg5 h4 54. e6 fxe6 55. f6 h3 56. Be5 Kd5 57. f7 Kxe5 58. f8=Q h2 59. Qh8+ Kd5
60. Qxh2 Bd7 61. Kf6 Bb5 62. Qe5+ Kc4 63. Qxe6+ Kb4 64. Ke5 Ka3 65. Kd4 Ka4 66.
Kc3 Ka5 67. Qd6 Ba4 68. Qb4# {Normal} 1-0

[Event "Rated Blitz game"]
[Site "?"]
[Date "2021.06.30"]
[Round "?"]
[White "Waderpl"]
[Black "Brachi"]
[Result "1-0"]
[WhiteElo "2462"]
[BlackElo "2411"]
[PlyCount "141"]
[EventDate "2021.??.??"]
[EventType "blitz"]

1. e4 e5 2. Nf3 Nc6 3. c3 Nf6 4. d4 Nxe4 5. d5 Ne7 6. Nxe5 Ng6 7. Nc4 Nd6 8.
Nba3 Nxc4 9. Nxc4 d6 10. Be2 Be7 11. O-O O-O 12. Be3 Bf6 13. a4 Ne5 14. Nxe5
Bxe5 15. f4 Bf6 16. Qd2 Re8 17. Bd3 Bd7 18. a5 a6 19. Rae1 Qe7 20. Bb6 Qd8 21.
Bf2 Rxe1 22. Rxe1 Qf8 23. Bc2 Re8 24. h3 Rxe1+ 25. Qxe1 Qe8 26. Qd2 Bb5 27. Bd3
Bxd3 28. Qxd3 g6 29. Kh2 h5 30. Qc4 Qd7 31. Qe4 Qe7 32. Qd3 Qe8 33. g4 hxg4 34.
hxg4 Qb5 35. Qxb5 axb5 36. Kg2 Kf8 37. Kf3 Ke8 38. Ke4 Kd7 39. Bd4 Be7 40. b3
Bd8 41. c4 bxc4 42. bxc4 c6 43. Bb6 Bxb6 44. axb6 c5 45. g5 Ke7 46. f5 Kd7 47.
Kf4 Ke7 48. Kg4 Kd7 49. Kf3 Ke7 50. Kf4 Kf8 51. Ke4 Kg7 52. Kf4 Kh7 53. Kg4 Kg7
54. Kh4 gxf5 55. Kh5 f4 56. Kg4 f6 57. Kxf4 Kg6 58. gxf6 Kxf6 59. Kg4 Kg6 60.
Kf4 Kf6 61. Kg4 Kg6 62. Kh4 Kf6 63. Kh5 Ke5 64. Kg6 Kd4 65. Kf6 Kxc4 66. Ke6
Kd4 67. Kxd6 c4 68. Ke6 c3 69. d6 c2 70. d7 c1=Q 71. d8=Q+ {Time forfeit} 1-0

[Event "Rated Blitz game"]
[Site "?"]
[Date "2021.06.30"]
[Round "?"]
[White "ZeruHmyz"]
[Black "Advokaat777"]
[Result "0-1"]
[WhiteElo "2435"]
[BlackElo "2467"]
[PlyCount "118"]
[EventDate "2021.??.??"]
[EventType "blitz"]

1. e4 e5 2. Nf3 Nc6 3. c3 d5 4. Qa4 Nf6 5. Nxe5 Qd6 6. Nxc6 bxc6 7. exd5 Nxd5
8. d4 Be7 9. Be2 O-O 10. O-O Nf4 11. Bxf4 Qxf4 12. Qxc6 Be6 13. Qf3 Qd6 14. Nd2
Bd5 15. Qg3 Qd7 16. Bf3 Bd6 17. Qh4 Be7 18. Qh5 Bxf3 19. Qxf3 h6 20. Rfe1 c5
21. d5 Rab8 22. Nc4 Bf6 23. Rad1 Qa4 24. Qd3 Qxa2 25. g3 Qb3 26. Ra1 Rb7 27.
Ra3 Qb5 28. Rea1 Ra8 29. h4 Qd7 30. R1a2 Rd8 31. d6 Qe6 32. Rxa7 Qe1+ 33. Kg2
Rb3 34. Qd5 Rf8 35. Rxf7 Rxf7 36. Ra8+ Kh7 37. Qxf7 Qe4+ 38. Kg1 Qxa8 39. d7
Rb8 40. h5 Qe4 41. Kh2 Qf5 42. f4 Rd8 43. Ne3 Qxd7 44. Qg6+ Kh8 45. Nf5 Qd2+
46. Kh3 Qd3 47. Kg4 Qe4 48. Qf7 Qe8 49. Nxh6 Qd7+ 50. Qxd7 Rxd7 51. Nf5 Kh7 52.
Kf3 Rb7 53. g4 Rxb2 54. g5 Bxc3 55. g6+ Kg8 56. Nd6 Bf6 57. f5 Rb3+ 58. Kf4
Rb4+ 59. Ne4 c4 {Time forfeit} 0-1

[Event "Rated Blitz game"]
[Site "?"]
[Date "2021.06.30"]
[Round "?"]
[White "A_Schorn"]
[Black "Stratov"]
[Result "0-1"]
[WhiteElo "2297"]
[BlackElo "2411"]
[PlyCount "55"]
[EventDate "2021.??.??"]
[EventType "blitz"]

1. e4 e5 2. Nf3 Nc6 3. c3 Nf6 4. d4 Nxe4 5. d5 Ne7 6. Nxe5 Ng6 7. Qd4 Qe7 8.
Qxe4 Qxe5 9. Nd2 Bc5 10. Bd3 d6 11. Nb3 Bb6 12. Be3 Qxe4 13. Bxe4 Bxe3 14. fxe3
Bd7 15. Bxg6 hxg6 16. Kd2 g5 17. h3 a5 18. Nd4 g6 19. Rae1 f6 20. c4 c5 21. Ne2
Rh4 22. Kc3 b5 23. b3 a4 24. Ng3 axb3 25. axb3 bxc4 26. bxc4 Ra3+ 27. Kb2 Ra4
28. Rhg1 {Normal} 0-1

[Event "Rated Blitz game"]
[Site "?"]
[Date "2021.06.30"]
[Round "?"]
[White "pd2001"]
[Black "RED0S"]
[Result "0-1"]
[WhiteElo "2419"]
[BlackElo "2499"]
[PlyCount "54"]
[EventDate "2021.??.??"]
[EventType "blitz"]

1. e4 e5 2. Nf3 Nc6 3. c3 Nf6 4. d4 d5 5. Bb5 dxe4 6. Nxe5 Bd7 7. Nxd7 Qxd7 8.
Bg5 Qd5 9. Qa4 Qxg5 10. Bxc6+ bxc6 11. Qxc6+ Ke7 12. Qxa8 Qc1+ 13. Ke2 Qxh1 14.
Qc6 Kd8 15. Nd2 Qxa1 16. Nc4 Bd6 17. Qa8+ Ke7 18. Qxh8 Qxa2 19. Nd2 Qxb2 20.
Qxg7 Bf4 21. g3 Qxd2+ 22. Kf1 Qd1+ 23. Kg2 Qf3+ 24. Kg1 e3 25. gxf4 Qxf2+ 26.
Kh1 e2 27. Qg1 Qf3+ {Normal} 0-1

[Event "Rated Blitz game"]
[Site "?"]
[Date "2021.06.30"]
[Round "?"]
[White "Nighthaak"]
[Black "perceval94"]
[Result "1/2-1/2"]
[WhiteElo "2403"]
[BlackElo "2398"]
[PlyCount "125"]
[EventDate "2021.??.??"]
[EventType "blitz"]

1. e4 e5 2. Nf3 Nc6 3. c3 Nf6 4. d4 exd4 5. e5 Ne4 6. Bd3 Nc5 7. cxd4 Nxd3+ 8.
Qxd3 d6 9. Bg5 Be7 10. Bxe7 Qxe7 11. O-O dxe5 12. dxe5 O-O 13. Re1 Be6 14. Nc3
Rad8 15. Qe4 Qb4 16. Qxb4 Nxb4 17. Rad1 Nxa2 18. Nxa2 Bxa2 19. Ra1 Bc4 20. Rxa7
Ba6 21. b4 c6 22. h4 Rfe8 23. Re4 Kf8 24. Nd4 Rc8 25. e6 fxe6 26. Nxe6+ Kf7 27.
Nc5 Rxe4 28. Nxe4 Rd8 29. Nc5 Rd1+ 30. Kh2 Rd4 31. Nxb7 Bxb7 32. Rxb7+ Kg6 33.
g3 Kh6 34. Kh3 g6 35. Rb6 Rc4 36. f3 Rc3 37. Kg4 c5 38. b5 Rb3 39. f4 c4 40.
Rc6 Rxb5 41. Rxc4 Rf5 42. Re4 Rb5 43. Re5 Rb4 44. h5 Rb3 45. hxg6 hxg6 46. Re6
Rb4 47. Kh4 Rc4 48. Rf6 Rb4 49. Kh3 Rb5 50. g4 Rb3+ 51. Kh4 Kg7 52. Kg5 Rb5+
53. f5 gxf5 54. gxf5 Rb1 55. Rg6+ Kf7 56. Rf6+ Kg7 57. Rc6 Rg1+ 58. Kf4 Rf1+
59. Ke5 Re1+ 60. Kf4 Rf1+ 61. Ke5 Re1+ 62. Kf4 Rf1+ 63. Ke5 {Normal} 1/2-1/2

[Event "Rated Blitz tournament YjqPgTZs"]
[Site "?"]
[Date "2021.06.30"]
[Round "?"]
[White "cpkuitert"]
[Black "PJatoba"]
[Result "0-1"]
[WhiteElo "2292"]
[BlackElo "2465"]
[PlyCount "56"]
[EventDate "2021.??.??"]
[EventType "blitz"]

1. e4 e5 2. Nf3 Nc6 3. c3 d5 4. Bb5 dxe4 5. Nxe5 Qg5 6. Nxc6 Qxg2 7. Rf1 a6 8.
Ba4 Bh3 9. Qe2 Bd7 10. d3 b5 11. Qxe4+ Qxe4+ 12. dxe4 Bxc6 13. Bc2 Nf6 14. f3
Bd6 15. Bg5 Bxh2 16. Bxf6 gxf6 17. Nd2 Bf4 18. Nb3 O-O-O 19. Ke2 h5 20. Nd4 Bd7
21. a4 c5 22. Nf5 Bxf5 23. exf5 Rd2+ 24. Ke1 Rxc2 25. axb5 Re8+ 26. Kd1 Rd2+
27. Kc1 Rf2+ 28. Kb1 Rxf1+ {Normal} 0-1

[Event "Rated Blitz game"]
[Site "?"]
[Date "2021.06.30"]
[Round "?"]
[White "bkara"]
[Black "edludd"]
[Result "0-1"]
[WhiteElo "2534"]
[BlackElo "2256"]
[PlyCount "42"]
[EventDate "2021.??.??"]
[EventType "blitz"]

1. e4 e5 2. Nf3 Nc6 3. c3 d5 4. Qa4 dxe4 5. Nxe5 Nf6 6. Bb5 Bd6 7. Nxc6 bxc6 8.
Bxc6+ Bd7 9. d3 O-O 10. dxe4 Bxc6 11. Qxc6 Nxe4 12. O-O f5 13. Nd2 Qh4 14. g3
Qg4 15. f3 Qh3 16. fxe4 Bxg3 17. Nf3 fxe4 18. Qxe4 Rae8 19. Qd5+ Kh8 20. hxg3
Re2 21. Rf2 Qxg3+ {Normal} 0-1

[Event "Rated Blitz game"]
[Site "?"]
[Date "2021.06.30"]
[Round "?"]
[White "bkara"]
[Black "begeisterungsfahig"]
[Result "0-1"]
[WhiteElo "2532"]
[BlackElo "2452"]
[PlyCount "74"]
[EventDate "2021.??.??"]
[EventType "blitz"]

1. e4 e5 2. Nf3 Nc6 3. c3 d5 4. Qa4 f6 5. Bb5 Nge7 6. exd5 Qxd5 7. O-O Bd7 8.
d4 a6 9. Bc4 Nxd4 10. Bxd5 Ne2+ 11. Kh1 Bxa4 12. Bxb7 Ra7 13. Be4 Nxc1 14. Rxc1
Bc6 15. Nbd2 Bxe4 16. Nxe4 Nf5 17. Rd1 Nd6 18. Nxd6+ Bxd6 19. Rd5 Ke7 20. Rad1
Rb8 21. b3 Rb5 22. R5d2 a5 23. c4 Rc5 24. a4 Rb7 25. Rd3 Rc6 26. Re1 Kf7 27.
Kg1 Rcb6 28. Rb1 Rb4 29. Nd2 Ke6 30. Rd5 Ra7 31. Rb5 c6 32. Rxb4 Bxb4 33. Nf3
Rd7 34. Kf1 e4 35. Ne1 Rd2 36. g3 Bc5 37. f3 Rf2+ {Normal} 0-1

[Event "Rated Blitz game"]
[Site "?"]
[Date "2021.06.30"]
[Round "?"]
[White "farbmates"]
[Black "OpernySpevak"]
[Result "1-0"]
[WhiteElo "2425"]
[BlackElo "2348"]
[PlyCount "79"]
[EventDate "2021.??.??"]
[EventType "blitz"]

1. e4 e5 2. Nf3 Nc6 3. c3 d6 4. d4 Bd7 5. Bc4 Be7 6. O-O Nf6 7. Re1 O-O 8. Nbd2
Bg4 9. h3 Bh5 10. Be2 Bxf3 11. Nxf3 exd4 12. Nxd4 Nxe4 13. Bf3 d5 14. Nxc6 bxc6
15. Bxe4 dxe4 16. Bf4 Rb8 17. b3 Qxd1 18. Raxd1 Bf6 19. c4 Rbe8 20. Bxc7 Bc3
21. Re3 Bb4 22. Bd6 Bxd6 23. Rxd6 f5 24. Rxc6 f4 25. Re1 Rf6 26. Rxf6 gxf6 27.
Rd1 Re7 28. Kf1 Kf7 29. Ke2 Ke6 30. Rd4 Kf5 31. Rd5+ Kg6 32. c5 f5 33. b4 Kg5
34. c6 f3+ 35. gxf3 Kf4 36. fxe4 Rxe4+ 37. Kd2 Rxb4 38. Rc5 Rb8 39. c7 Rc8 40.
Kd3 {Time forfeit} 1-0

[Event "Rated Rapid game"]
[Site "?"]
[Date "2021.06.30"]
[Round "?"]
[White "aivarsskuja"]
[Black "PhilippHumburg"]
[Result "0-1"]
[WhiteElo "2334"]
[BlackElo "2487"]
[PlyCount "32"]
[EventDate "2021.??.??"]
[EventType "rapid"]

1. e4 e5 2. Nf3 Nc6 3. c3 d5 4. Bb5 dxe4 5. Nxe5 Qg5 6. Qa4 Qxg2 7. Bxc6+ bxc6
8. Qxc6+ Kd8 9. Nxf7+ Ke7 10. Qxc7+ Ke8 11. Nxh8 Qxh1+ 12. Ke2 Bg4+ 13. Ke3
Qf3+ 14. Kd4 Rd8+ 15. Kc4 Qd3+ 16. Kb3 Bd1# {Normal} 0-1

[Event "Rated Blitz game"]
[Site "?"]
[Date "2021.06.30"]
[Round "?"]
[White "bkara"]
[Black "Dima1103"]
[Result "1-0"]
[WhiteElo "2528"]
[BlackElo "2534"]
[PlyCount "127"]
[EventDate "2021.??.??"]
[EventType "blitz"]

1. e4 e5 2. Nf3 Nc6 3. c3 a6 4. d4 d6 5. Be2 Nf6 6. O-O Be7 7. Nbd2 O-O 8. d5
Nb8 9. c4 Re8 10. b4 Bf8 11. Qc2 g6 12. c5 dxc5 13. bxc5 Nbd7 14. Nb3 Bg7 15.
Bb2 Nh5 16. c6 bxc6 17. dxc6 Nf8 18. Bc4 Bg4 19. Nbd2 Ne6 20. h3 Bxf3 21. Nxf3
Ng5 22. Nh2 Nf4 23. Rad1 Ngxh3+ 24. gxh3 Qg5+ 25. Ng4 h5 26. f3 Nxh3+ 27. Kh2
hxg4 28. fxg4 Nf4 29. Kg3 Bf6 30. Rh1 Nh5+ 31. Rxh5 gxh5 32. Be2 Qe3+ 33. Kg2
Bh4 34. Rf1 Qg3+ 35. Kh1 Qh3+ 36. Kg1 Bg3 37. Bc4 Bf4 38. Qg2 Be3+ 39. Rf2
Qxg2+ 40. Kxg2 Bxf2 41. Kxf2 hxg4 42. Kg3 Kg7 43. Kxg4 f6 44. Kf5 Rad8 45. Bd5
Rh8 46. Ba3 Rh2 47. Be7 Rf2+ 48. Ke6 Re8 49. Kd7 Rxe7+ 50. Kxe7 f5 51. exf5
Rxf5 52. Kd7 Rf2 53. Kxc7 Rd2 54. Kd6 e4 55. c7 Rc2 56. Bc6 Rd2+ 57. Ke7 e3 58.
c8=Q e2 59. Qg4+ Kh6 60. Qh4+ Kg6 61. Be4+ Kg7 62. Qg5+ Kh8 63. Qh6+ Kg8 64.
Qh7# {Normal} 1-0

[Event "Rated Blitz tournament 6ZxVYVEv"]
[Site "?"]
[Date "2021.06.30"]
[Round "?"]
[White "Brents"]
[Black "rsalimbagat"]
[Result "0-1"]
[WhiteElo "2249"]
[BlackElo "2412"]
[PlyCount "31"]
[EventDate "2021.??.??"]
[EventType "blitz"]

1. e4 e5 2. Nf3 Nc6 3. c3 f5 4. d4 fxe4 5. Nxe5 Nf6 6. Bc4 d5 7. Bb5 Bd7 8.
Bxc6 bxc6 9. O-O Bd6 10. f4 exf3 11. Nxf3 O-O 12. Bg5 Qe8 13. Re1 Ne4 14. Bh4
Qh5 15. Ne5 Qxh4 16. g3 {Normal} 0-1

[Event "Rated Blitz game"]
[Site "?"]
[Date "2021.06.30"]
[Round "?"]
[White "Carlos-A-Zambrano"]
[Black "GypsyDanger"]
[Result "1-0"]
[WhiteElo "2239"]
[BlackElo "2430"]
[PlyCount "138"]
[EventDate "2021.??.??"]
[EventType "blitz"]

1. e4 e5 2. Nf3 Nc6 3. c3 Nf6 4. d3 Bc5 5. Be2 a5 6. O-O O-O 7. h3 d5 8. Qc2 h6
9. Re1 Re8 10. Bf1 dxe4 11. dxe4 Nh5 12. Be3 Bxe3 13. Rxe3 Nf4 14. Kh2 Qf6 15.
Ng1 Ne7 16. Na3 Bd7 17. g3 Ne6 18. Bg2 g5 19. Rf1 a4 20. Qe2 Bc6 21. Qg4 Ng6
22. Rf3 Qe7 23. Rf5 Rad8 24. Nc4 Bb5 25. Nxe5 Bxf1 26. Bxf1 Nxe5 27. Rxe5 Rd2
28. Kg2 Rxb2 29. h4 Qf6 30. Nf3 Kf8 31. Bc4 gxh4 32. Bxe6 Rxe6 33. Rf5 Qe7 34.
Nxh4 Rxe4 35. Ng6+ Ke8 36. Nxe7 Rxg4 37. Nd5 Rc4 38. Rf3 c6 39. Nf6+ Kd8 40.
Rd3+ Kc8 41. Ng8 Rxa2 42. Nxh6 Ra3 43. Nxf7 Rcxc3 44. Rd8+ Kc7 45. Rf8 Rf3 46.
g4 Rad3 47. g5 a3 48. g6 Rf6 49. Rg8 Rd7 50. Ne5 Rdd6 51. f4 a2 52. Ra8 Rxg6+
53. Nxg6 Rxg6+ 54. Kf3 b5 55. Rxa2 Kb6 56. Ke4 Rf6 57. Ke5 Rf8 58. f5 Re8+ 59.
Kd6 Rf8 60. Ke6 Kc5 61. Rc2+ Kb6 62. f6 b4 63. f7 Rb8 64. Kd6 c5 65. Rxc5 Rd8+
66. Ke7 Rd4 67. Rf5 Re4+ 68. Kd6 b3 69. f8=Q Rd4+ {Normal} 1-0

[Event "Rated Blitz game"]
[Site "?"]
[Date "2021.06.30"]
[Round "?"]
[White "Buzilo"]
[Black "ST_tegal"]
[Result "0-1"]
[WhiteElo "2370"]
[BlackElo "2401"]
[PlyCount "68"]
[EventDate "2021.??.??"]
[EventType "blitz"]

1. e4 Nc6 2. Nf3 e5 3. c3 Bc5 4. d4 exd4 5. cxd4 Bb6 6. d5 Nce7 7. d6 cxd6 8.
Nc3 Nf6 9. Bc4 O-O 10. O-O d5 11. exd5 d6 12. Bg5 Kh8 13. Bxf6 gxf6 14. Qd2 Ng8
15. Ne4 f5 16. Ng3 Qf6 17. Rfe1 Bd7 18. Qf4 Rae8 19. Bd3 Ne7 20. Nh5 Qg6 21.
Qh4 Nxd5 22. Bc4 Be6 23. Ng5 Rg8 24. Bxd5 Qxg5 25. Qxg5 Rxg5 26. Nf6 Rc8 27.
Bxe6 fxe6 28. Rxe6 Rg6 29. Rxd6 Rc2 30. Rf1 Kg7 31. Ne8+ Kf8 32. Rxg6 hxg6 33.
Nd6 Bc7 34. Nb5 Bb6 {Time forfeit} 0-1

[Event "Rated Rapid game"]
[Site "?"]
[Date "2021.06.30"]
[Round "?"]
[White "aivarsskuja"]
[Black "Abe70"]
[Result "0-1"]
[WhiteElo "2343"]
[BlackElo "2449"]
[PlyCount "90"]
[EventDate "2021.??.??"]
[EventType "rapid"]

1. e4 e5 2. Nf3 Nc6 3. c3 Nf6 4. d4 exd4 5. e5 Nd5 6. cxd4 Bb4+ 7. Bd2 Bxd2+ 8.
Nbxd2 O-O 9. Bc4 Nb6 10. Bb3 d6 11. O-O dxe5 12. dxe5 Re8 13. Re1 Be6 14. Bc2
Nd4 15. Be4 Nxf3+ 16. Nxf3 Bd5 17. Qe2 Bxe4 18. Qxe4 c6 19. Rad1 Qe7 20. Nd4
Rad8 21. Nf5 Qe6 22. Nd6 Re7 23. Rd3 Nd5 24. Nf5 Rde8 25. Nxe7+ Rxe7 26. f4 g6
27. Rg3 Kh8 28. Qd4 a6 29. Rf3 Qf5 30. Qc5 Qe6 31. Ref1 h5 32. f5 Qxe5 33. fxg6
fxg6 34. Rf8+ Kh7 35. R8f7+ Rxf7 36. Rxf7+ Kh6 37. Qc1+ g5 38. Rxb7 Nf4 39. Qd2
Qe4 40. Qd6+ Ng6 41. Qd1 h4 42. h3 Nf4 43. Qf1 Qd5 44. Re7 Nxh3+ 45. gxh3 Qc5+
{Normal} 0-1

[Event "Rated Blitz game"]
[Site "?"]
[Date "2021.06.30"]
[Round "?"]
[White "Buzilo"]
[Black "winthlin"]
[Result "1/2-1/2"]
[WhiteElo "2359"]
[BlackElo "2412"]
[PlyCount "49"]
[EventDate "2021.??.??"]
[EventType "blitz"]

1. e4 e5 2. Nf3 Nc6 3. c3 Nf6 4. d4 exd4 5. e5 Ne4 6. cxd4 d5 7. Bb5 Bb4+ 8.
Nbd2 O-O 9. O-O Bg4 10. Bxc6 Nxd2 11. Bxd2 Bxd2 12. Qxd2 Bxf3 13. gxf3 bxc6 14.
Rac1 Qd7 15. Rc3 Rab8 16. Rfc1 Rb6 17. b3 Qf5 18. Qe3 c5 19. Rxc5 Rg6+ 20. Kh1
f6 21. Rxd5 fxe5 22. Rxe5 Qxf3+ 23. Qxf3 Rxf3 24. Re2 Rd3 25. Rec2 {Normal}
1/2-1/2

[Event "Rated Blitz game"]
[Site "?"]
[Date "2021.06.30"]
[Round "?"]
[White "Waderpl"]
[Black "Greypiece"]
[Result "1-0"]
[WhiteElo "2462"]
[BlackElo "2316"]
[PlyCount "47"]
[EventDate "2021.??.??"]
[EventType "blitz"]

1. e4 e5 2. Nf3 Nc6 3. c3 d5 4. Bb5 dxe4 5. Nxe5 Bd7 6. Nxd7 Qxd7 7. Qa4 Nf6 8.
O-O Bd6 9. d4 a6 10. Bxc6 bxc6 11. Bg5 O-O 12. Bxf6 gxf6 13. Nd2 Qg4 14. Rad1
Kh8 15. Qxc6 f5 16. Nc4 Rg8 17. g3 Rad8 18. Nxd6 Rxd6 19. Qxc7 Rh6 20. f3 Qh3
21. Rd2 e3 22. Rg2 Rxg3 23. Qxg3 e2 24. Qg8# {Normal} 1-0

[Event "Rated Blitz game"]
[Site "?"]
[Date "2021.06.29"]
[Round "?"]
[White "sstrb"]
[Black "Metanoja"]
[Result "0-1"]
[WhiteElo "2519"]
[BlackElo "2578"]
[PlyCount "56"]
[EventDate "2021.??.??"]
[EventType "blitz"]

1. e4 e5 2. Nf3 Nc6 3. c3 Nf6 4. d4 exd4 5. e5 Nd5 6. Bb5 d6 7. O-O Be7 8. Qxd4
Be6 9. exd6 Qxd6 10. Qxg7 O-O-O 11. Bxc6 Qxc6 12. Nd4 Qd7 13. Nxe6 Qxe6 14. Qh6
f6 15. Nd2 Rhg8 16. Nf3 Qg4 17. Ne1 Rg6 18. Qxh7 Rdg8 19. Kh1 Bd6 20. Qh3 Qxh3
21. gxh3 Rh8 22. f4 Rxh3 23. Bd2 Rgh6 24. Rf2 f5 25. c4 Nf6 26. Rg2 Ng4 27. b4
Rxh2+ 28. Rxh2 Rxh2+ {Normal} 0-1